| 000 | 01486nam a2200277Ia 4500 | ||
|---|---|---|---|
| 999 |
_c52515 _d52515 |
||
| 001 | 19539 | ||
| 003 | GE_BSU | ||
| 005 | 20200314201123.0 | ||
| 008 | 181216s1974||||g |||||||||||||| ||ge || | ||
| 040 | _cGE_BSU | ||
| 041 | _ageo | ||
| 080 | _a81'38(075.8) გ-45 | ||
| 100 |
_aგვენცაძე, ალ. _97456 |
||
| 245 |
_aზოგადი სტილისტიკის საფუძვლები : _bსახელმძღვ. პედ. ინ-ტების ქართ. ენისა და ლიტ-რის სპეც. სტუდენტ. / _cალ. გვენცაძე ; რედ. ნ. ნარმანია. |
||
| 264 |
_aთბილისი : _bგანათლება, _c1974. |
||
| 300 |
_a126 გვ. ; _c21სმ. |
||
| 541 | _h70თ. | ||
| 653 | _aქართული ენა | ||
| 653 | _aქართული ენის სტილისტიკა | ||
| 653 | _aსტილისტიკის საგანი და ამოცანები | ||
| 653 | _aსტილისტიკური ომონიმია (ტროპები) | ||
| 653 | _aსტილისტიკური სინონიმია - გამეორება | ||
| 653 | _aმოდალური საშუალებანი - გადმოცემის სახეობები | ||
| 700 |
_aნარმანია, ნ. _eრედაქტორი _97457 |
||
| 942 |
_cBK _2udc |
||